| 000 | 00966nas a2200289 4500 | ||
|---|---|---|---|
| 001 | BR2022000029 | ||
| 003 | BR-BrBNA | ||
| 005 | 20231205132155.0 | ||
| 007 | ta | ||
| 008 | 230509b bl.|||p| |||| 00| 00por d | ||
| 040 |
_aBR-BrBNA _bpor _cBiblioteca Nacional de Agricultura |
||
| 041 | _a(En) | ||
| 072 | _aE71; E72 | ||
| 100 | 1 | _aHersen, A. | |
| 100 | 1 | _aSilva, J.C.G.L. da | |
| 100 | 1 | _aTimofeiczyk Júnior, R. | |
| 245 | 1 | _aA critical approach to the use of the BCG matrix: portfolio analysis de brazilian pulp marketed in the international market | |
| 650 | _aINDÚSTRIA FLORESTAL | ||
| 650 | _aGESTÃO | ||
| 650 | _aCELULOSE | ||
| 650 | _aMERCADO NACIONAL | ||
| 650 | _aMERCADO MUNDIAL | ||
| 773 | 0 |
_tRevista Árvore (Brazil) _xISSN 1806-9088 _g(2018), v. 42(3) p. 1-9 _wBR2022000029 |
|
| 856 | 4 | 0 | _uhttps://www.scielo.br/j/rarv/a/XzJzNQchvxMkWdFsxxfqfMp/?format=pdf lang=en |
| 909 |
_a202311 _bLúcia _c55 _dLúcia Elande |
||
| 942 |
_2AGRIS _n0 _cANA |
||
| 999 |
_c258896 _d258896 |
||